Southville International School and Colleges
Your cart is empty.
  • Cart
  • Lists
    Public lists Eva Luna New books Lux_list list_1
    Your lists Log in to create your own lists
  • Log in to your account
  • Your cookies
  • Search history
Southville International School and Colleges
  • Advanced search
  • Recent comments
  • Most popular
  • Libraries

Log in to your account

Log in with GOOGLE


If you do not have an external account, but do have a local account, you can still log in:

  1. Home
  2. MARC view: How to cheat in Photoshop elements 11 :
Normal view MARC view ISBD view

How to cheat in Photoshop elements 11 : (Record no. 117389)

[ view plain ]
MARC details
000 -LEADER
fixed length control field 00600nam a2200193Ia 4500
008 - FIXED-LENGTH DATA ELEMENTS--GENERAL INFORMATION
fixed length control field 140527s9999 xx 000 0 und d
020 ## - INTERNATIONAL STANDARD BOOK NUMBER
International Standard Book Number 9780415663304
050 ## - LIBRARY OF CONGRESS CALL NUMBER
Classification number TR 267.5.A33
Item number .As84 2013
100 ## - MAIN ENTRY--PERSONAL NAME
Personal name Asch, David
245 ## - TITLE STATEMENT
Title How to cheat in Photoshop elements 11 :
Remainder of title release your imagination /
Statement of responsibility, etc David Asch.
250 ## - EDITION STATEMENT
Edition statement 6th ed.
260 ## - PUBLICATION, DISTRIBUTION, ETC. (IMPRINT)
Place of publication, distribution, etc New York :
Name of publisher, distributor, etc Focal Press, Taylor & Francis Group,
Date of publication, distribution, etc c2013.
300 ## - PHYSICAL DESCRIPTION
Extent 293 p. :
Other physical details col. Ill. ;
Dimensions 25 cm.
500 ## - GENERAL NOTE
General note Includes index.
521 ## - TARGET AUDIENCE NOTE
Target audience note
650 ## - SUBJECT ADDED ENTRY--TOPICAL TERM
Topical term or geographic name as entry element Image processing
General subdivision Digital techniques
942 ## - ADDED ENTRY ELEMENTS (KOHA)
Call number prefix Foreign
Koha item type Books
Holdings
Withdrawn status Lost status Source of classification or shelving scheme Damaged status Home library Current library Shelving location Date acquired Source of acquisition Cost, normal purchase price Total Checkouts Full call number Barcode Date last seen Price effective from Koha item type
    Library of Congress Classification   College Library College Library General Circulation Section 05/28/2014 Donation 3399.00   TR 267.5.A33 .As84 2013 C17997 05/15/2018 05/28/2014 Books

How to cheat in Photoshop elements 11 :

APA

Asch D., . (2013). How to cheat in Photoshop elements 11. New York: Focal Press, Taylor & Francis Group.

Chicago

Asch David, . 2013. How to cheat in Photoshop elements 11. New York: Focal Press, Taylor & Francis Group.

Harvard

Asch D., . (2013). How to cheat in Photoshop elements 11. New York: Focal Press, Taylor & Francis Group.

MLA

Asch David, . How to cheat in Photoshop elements 11. New York: Focal Press, Taylor & Francis Group. 2013.

  • Place hold
  • Print
  • Cite
  • Add to your cart (remove)
  • Save record
    BIBTEX Dublin Core MARCXML MARC (non-Unicode/MARC-8) MARC (Unicode/UTF-8) MARC (Unicode/UTF-8, Standard) MODS (XML) RIS
  • More searches
    Search for this title in:
    Other Libraries (WorldCat) Other Databases (Google Scholar) Online Stores (Bookfinder.com) Open Library (openlibrary.org)

Exporting to Dublin Core...

SOUTHVILLE LIBRARY

Southville International School and Colleges Library

1281 Tropical Ave. Cor. Luxembourg St., BF Homes International, Las Pinas City

Tel. No. 8256374 / 252358 Loc. 117/146

Powered by Koha